000 01184nam a22003371i 4500
001 bslw10086054
005 20240305165657.0
006 m o d
007 cr un ---uuuua
008 230906e202305 pe ob 000 0 spa d
020 _a9786123253363
035 _a38866
040 _aUtOrBLW
_beng
_erda
_cUtOrBLW
043 _as-pe---
050 4 _aKHQ2204
_b.M47 2023
082 0 4 _a346.85013
_223
100 1 _aMerino Acuña, Roger,
_d1982-
_eauthor.
245 1 4 _aLos derechos de los pueblos indígenas en la jurisprudencia del tribunal constitucional /
_cestudio preliminar de Roger Merino Acuña.
250 _aPrimera edición.
264 1 _aPerú :
_bPalestra Práctica,
_cmayo de 2023.
300 _a1 online resource (153 pages)
336 _atext
_btxt
_2rdacontent
337 _acomputer
_bc
_2rdamedia
338 _aonline resource
_bcr
_2rdacarrier
504 _aIncludes bibliographical references.
650 0 _aIndigenous peoples
_xLegal status, laws, etc.
_zPeru.
650 0 _aIndigenous peoples
_xCivil rights
_zPeru.
650 0 _aMinorities
_xLegal status, laws, etc.
_zPeru.
856 4 0 _uhttps://app.vlex.com/#/sources/38866
942 _cRAA
999 _c173161
_d173161